More grammar games : Cognitive, affective and movement activities for EFL students
Provides games focusses on or more points of English
Đã lưu trong:
| 主要作者: | |
|---|---|
| 格式: | 图书 |
| 语言: | Undetermined |
| 出版: |
Cambridge, UK
Cambridge Univ. Press
2008
|
| 主题: | |
| 标签: |
添加标签
没有标签, 成为第一个标记此记录!
|
| Thư viện lưu trữ: | Trung tâm Học liệu Trường Đại học Cần Thơ |
|---|
| LEADER | 00842nam a2200229Ia 4500 | ||
|---|---|---|---|
| 001 | CTU_182255 | ||
| 008 | 210402s9999 xx 000 0 und d | ||
| 020 | |c 507000 | ||
| 082 | |a 428.007 | ||
| 082 | |b R583 | ||
| 100 | |a Rinvolucri, Mario | ||
| 245 | 0 | |a More grammar games : | |
| 245 | 0 | |b Cognitive, affective and movement activities for EFL students | |
| 245 | 0 | |c Mario Rinvolucri, Paul Davis | |
| 260 | |a Cambridge, UK | ||
| 260 | |b Cambridge Univ. Press | ||
| 260 | |c 2008 | ||
| 520 | |a Provides games focusses on or more points of English | ||
| 650 | |a English language,English language,Activity programs in education,Educational games | ||
| 650 | |x Study and teaching,Foreign speakers,Aids and devices,Grammar,Study and teaching,Aids and devices | ||
| 910 | |a Nguyên | ||
| 980 | |a Trung tâm Học liệu Trường Đại học Cần Thơ | ||